Pharmaceutical Organic Chemistry : sem 1 & 2 (Record no. 13661)

MARC details
000 -LEADER
fixed length control field 00452nam a22001817a 4500
003 - CONTROL NUMBER IDENTIFIER
control field OSt
008 - FIXED-LENGTH DATA ELEMENTS--GENERAL INFORMATION
fixed length control field 250702b |||||||| |||| 00| 0 eng d
020 ## - INTERNATIONAL STANDARD BOOK NUMBER
International Standard Book Number 9789351640035
082 ## - DEWEY DECIMAL CLASSIFICATION NUMBER
Classification number 547 JAP
100 ## - MAIN ENTRY--PERSONAL NAME
Personal name Jain, Kishor.S
245 ## - TITLE STATEMENT
Title Pharmaceutical Organic Chemistry : sem 1 & 2
250 ## - EDITION STATEMENT
Edition statement 4th
260 ## - PUBLICATION, DISTRIBUTION, ETC. (IMPRINT)
Place of publication, distribution, etc N.Delhi
Name of publisher, distributor, etc Nirali
Date of publication, distribution, etc 2019
300 ## - PHYSICAL DESCRIPTION
Extent 9.32
650 ## - SUBJECT ADDED ENTRY--TOPICAL TERM
Topical term or geographic name as entry element Pharmaceutical Organic Chemistry
700 ## - ADDED ENTRY--PERSONAL NAME
Personal name Maniyar & Shaikh
942 ## - ADDED ENTRY ELEMENTS (KOHA)
Source of classification or shelving scheme Dewey Decimal Classification
Holdings
Withdrawn status Lost status Source of classification or shelving scheme Damaged status Not for loan Collection code Home library Current library Date acquired Source of acquisition Cost, normal purchase price Bill Number Total Checkouts Full call number Acc. no. / Barcode Date last seen Actual Cost, discounted price Bill Date Koha item type
    Dewey Decimal Classification     B.Pharma PIET C-LIBRARY PIET C-LIBRARY 11/02/2020 Kirti Prakashan 290.00 IN6233   547 JAP BP1136 02/07/2025 214.60 01/02/2020 Text Books
    Dewey Decimal Classification     B.Pharma PIET C-LIBRARY PIET C-LIBRARY 11/02/2020 Kirti Prakashan 290.00 IN6233   547 JAP BP1137 02/07/2025 214.60 01/02/2020 Text Books

Design & Developed by: PIET Central Library
R70 Miles Stone Pattikalyana Samalkha Panipat 132102
mail ID :- [email protected], Phone No:- 0180-2569700 Ex.216